000 00687cam a2200241 a 4500
001 2980573
005 20180103074643.0
008 930614s1993 maua b 001 0 eng
010 _a 92072397
020 _a0395640121
040 _aDLC
_cDLC
_dDLC
041 _aeng
043 _an-us---
080 _a650
082 0 0 _a650 PRI
_220
100 1 _a331
101 _a59
245 1 0 _aBusiness /
_cWilliam M. Pride, Robert J. Hughes, Jack R. Kapoor.
504 _aIncludes bibliographical references and indexes.
906 _a7
_bcbc
_corignew
_d2
_eopcn
_f19
_gy-gencatlg
942 _2ddc
_cBK
999 _c39645
_d39645